000 00314nam a22001217a 4500
008 160518b xxu||||| |||| 00| 0 eng d
020 _a9780781746717
020 _a078174671
041 _aeng
080 _a61
245 _aArthritis and allied conditions:
_cWilliam J. Koopman; Larry W. Moreland;
942 _2udc
_cBK
999 _c2188
_d2188